00662cam a22002051 450000100060000000300080000600500170001400800390003103500190007004000230008904100080011208200220012010000390014224500590018126000410024030000430028165000290032465100710035370000320042426522BD-RjUL20211209051029.0140322s1967 nyua 000 0 eng a(BD-RjUL)26592 aDLCcDLCdDLCbeng aeng00a947.08410924bWIT1 aWilliams, Albert Rhys,d1883-1962.10aThrough the Russian Revolution /cAlbert Rhys Williams aMOSCOW :bProgress publishers,c1967 a237 p. :billus. (part col.) ;c22 cm. 0aCommunismzSoviet Union. 0aSoviet UnionxHistoryyRevolution, 1917-1921vPersonal narratives.1 aKunitz, Joshua,d1896-1980.